| 000 | 00837nam a2200229Ia 4500 | ||
|---|---|---|---|
| 003 | OSt | ||
| 005 | 20220927105635.0 | ||
| 006 | a|||||r|||| 00| 0 | ||
| 007 | ta | ||
| 008 | 220926b |||||||| |||| 00| 0 eng d | ||
| 024 | _a180297 | ||
| 037 | _cReference Collections | ||
| 040 |
_aRTL _cRTL _beng |
||
| 041 |
_2eng _aeng |
||
| 082 | _a"X9(J9):54.2.P04p, P4/GD" | ||
| 100 |
_a"SELVARATAN S, and others Ed." _9373852 |
||
| 245 | 0 |
_aResource analysis for sustaining water food security _b Proceedings of the planning cum-methology workshop organised under national agricultual technology project. |
|
| 260 |
_aNew _bDelhi NCAEPR _c2004 |
||
| 300 |
_a"xvi,215p." _ccm. |
||
| 942 |
_h"X9(J9):54.2.P04p, P4/GD" _cCC |
||
| 999 |
_c693558 _d693558 |
||